000 00327nam a2200133Ia 4500
005 20260328101511.0
008 260328s9999||||xx |||||||||||||| ||und||
100 _aVan Ettinger, .J.
245 0 _aHacia un Mundo habitable /
_c.J. Van Ettinger
260 _bContinental
300 _a459 p.
650 _aURBANISMO
942 _cBK
999 _c9199
_d9199